000 00480nam a2200157 4500
001 149036
003 ES-MaACL
007 t|
008 070214s1974 sp r ||||1| spa d
100 1 _aSutton, J. D.
_9108887
245 1 4 _aLas chapas /
_cJ. D. Sutton [seud.].
260 _aAlicante :
_bInstituto de Estudios Alicantinos,
_c[1974] (
_fGráf. Díaz)
300 _a106 p. ;
_c18 cm.
710 2 _aInstituto de Estudios Alicantinos.
_94886
852 _aES-MaACL
_jE-5052
_bR.89046
999 _c149036
_d149036